00509nam a2200181 a 4500001001300000003000900013005001700022008004100039020001000080082001500090100002400105245007000129260004900199300000900248500003500257650001100292700002400303nice12345678IN_TiNIC20260116014953.0070906s1992 alba grp 000 0 eng  ac10000a297.4bCHI aChittick, William C aFaith and Practice of Islamb Three Thirteenth Century Suti Texts aAlbany bState University of New York c1992 a306p aincludes index and biblioraphy aSufism1 aChittick, William C